La Etica en tiempos de globalización /

Este ensayo aborda la cuestión de si conceptos tales como el de justicia social, igualdad de oportunidades, equidad, etc, tienen cabida, y en qué sentido, en una economía globalizada y regida de acuerdo a las leyes del libre mercado. El análisis consiste, en primer lugar, en un examen de los modos t...

詳細記述

保存先:
書誌詳細
第一著者: Barreto, Luz Marina
フォーマット: テキスト
主題:
タグ: タグ追加
タグなし, このレコードへの初めてのタグを付けませんか!

MARC

LEADER 00000 a a2200000 04500
001 4525
003
040
100 |a Barreto, Luz Marina  
245 |a La Etica en tiempos de globalización /  |c Luz Marina Barreto 
520 |a Este ensayo aborda la cuestión de si conceptos tales como el de justicia social, igualdad de oportunidades, equidad, etc, tienen cabida, y en qué sentido, en una economía globalizada y regida de acuerdo a las leyes del libre mercado. El análisis consiste, en primer lugar, en un examen de los modos tradicionales con los que la filosofía política marxista enfrenta esta cuestión, con la intención de criticar la tendencia, bastante común, de identificar los ideales políticos socialistas con ideales de carácter ético o moral. El segundo paso consiste en distinguir entre el respeto a la libre empresa y a la iniciativa individual, y el respeto a la autonomía de los agentes morales. Esto nos conduce al tercer paso de la estrategia de análisis, el cual consiste en examinar si los ideales tradicionales de lo moral son o podrían ser satisfechos en sociedades de economía globalizada. La pregunta requiere un estudio de los problemas éticos que podrían presentarse, y que de hecho ya están presentes, en la economía actual. El análisis se centra en Venezuela, pero podría aplicarse a la mayoría de los países subdesarrollados. REV//jmml  
650 |a ETICA  
650 |a LIBERALIZACION DEL INTERCAMBIO  
650 |a VALORES SOCIALES  
650 |a LIBERALISMO  
650 |a MERCADO  
650 |a JUSTICIA SOCIAL  
650 |a POLITICA  
650 |a SOCIEDAD  
650 |a DESIGUALDAD SOCIAL  
650 |a ECONOMIA  
773 |g volumen 15, número 39; páginas 17-37  
999 |c 36139  |d 36139